The Cattle-Raid of Cualnge (Tain Bo Cualnge) : (Record no. 243646)
[ view plain ]
| 000 -LEADER | |
|---|---|
| fixed length control field | 01113cam a22003133a 4500 |
| 001 - CONTROL NUMBER | |
| control field | 14391 |
| 003 - CONTROL NUMBER IDENTIFIER | |
| control field | PGUSA |
| 005 - DATE AND TIME OF LATEST TRANSACTION | |
| control field | 20140828083316.0 |
| 008 - FIXED-LENGTH DATA ELEMENTS--GENERAL INFORMATION | |
| fixed length control field | 041220s2004||||xxu|||||s|||||000 1 eng d |
| 040 ## - CATALOGING SOURCE | |
| Original cataloging agency | PGUSA |
| Language of cataloging | eng |
| 042 ## - AUTHENTICATION CODE | |
| Authentication code | dc |
| 050 #4 - LIBRARY OF CONGRESS CALL NUMBER | |
| Classification number | PB |
| 245 14 - TITLE STATEMENT | |
| Title | The Cattle-Raid of Cualnge (Tain Bo Cualnge) : |
| Remainder of title | An Old Irish Prose-Epic |
| Medium | [electronic resource] |
| 260 ## - PUBLICATION, DISTRIBUTION, ETC. (IMPRINT) | |
| Name of publisher, distributor, etc | Project Gutenberg, |
| Date of publication, distribution, etc | 2004 |
| 506 ## - RESTRICTIONS ON ACCESS NOTE | |
| Terms governing access | Public domain in the USA. |
| 516 ## - TYPE OF COMPUTER FILE OR DATA NOTE | |
| Type of computer file or data note | Electronic text |
| 653 ## - INDEX TERM--UNCONTROLLED | |
| Uncontrolled term | Tales -- Ulster (Northern Ireland and Ireland) |
| 653 ## - INDEX TERM--UNCONTROLLED | |
| Uncontrolled term | Mythology, Celtic -- Ulster (Northern Ireland and Ireland) |
| 653 ## - INDEX TERM--UNCONTROLLED | |
| Uncontrolled term | Cattle stealing -- Fiction |
| 653 ## - INDEX TERM--UNCONTROLLED | |
| Uncontrolled term | Heroes -- Ulster (Northern Ireland and Ireland) -- Legends |
| 653 ## - INDEX TERM--UNCONTROLLED | |
| Uncontrolled term | Cuchulain (Legendary character) -- Fiction |
| 653 ## - INDEX TERM--UNCONTROLLED | |
| Uncontrolled term | Epic literature, Irish -- Translations into English |
| 653 ## - INDEX TERM--UNCONTROLLED | |
| Uncontrolled term | Tales, Medieval -- Translations into English |
| 700 1# - ADDED ENTRY--PERSONAL NAME | |
| Personal name | Faraday, L. Winifred, |
| Dates associated with a name | 1872- |
| 740 0# - ADDED ENTRY--UNCONTROLLED RELATED/ANALYTICAL TITLE | |
| Uncontrolled related/analytical title | Táin Bó Cúalnge. English |
| 830 #0 - SERIES ADDED ENTRY--UNIFORM TITLE | |
| Uniform title | Project Gutenberg |
| Volume number/sequential designation | 14391 |
| 856 40 - ELECTRONIC LOCATION AND ACCESS | |
| Uniform Resource Identifier | <a href="http://www.gutenberg.org/ebooks/14391">http://www.gutenberg.org/ebooks/14391</a> |
| 942 ## - ADDED ENTRY ELEMENTS (KOHA) | |
| Koha item type | eBooks |
| Withdrawn status | Lost status | Damaged status | Home library | Current library | Date acquired | Total Checkouts | Date last seen | Price effective from | Koha item type |
|---|---|---|---|---|---|---|---|---|---|
| Project Gutenberg | Project Gutenberg | 08/28/2014 | 08/28/2014 | 08/28/2014 | eBooks |